000 00705nam a22002177a 4500
005 20140310183638.0
008 131212b xxu||||| |||| 00| 0 eng d
020 _a9780415632546
050 _aTX 911.3.P4
_b.B671 2013
100 _aBoella, Michael J.
245 _aHuman resource management in the hospitality industry :
_ba guide to best practice /
_cMichael J Boella, Steven Goss-Turner
250 _a9th ed.
260 _aLondon :
_bRoutledge,
_c2013.
300 _axv, 331 pages :
_bill. ;
_c26 cm.
504 _aIncludes Index.
521 _aTOU
650 _aHospitality industry
_xPersonnel management.
700 _aGoss-Turner, Steven.
942 _2lcc
_cBK
_kFOR
999 _c25762
_d25762